00718nam a22001935i 4500001000700000003000900007005001700016008004100033100001700074245013400091260004000225300003000265490004300295700004100338700002100379700001700400830004300417852006400460166736ES-MaACL20230906213406.0050920q1886 fr a | |||||||| ||fre d1 aTwain, Mark.14aLes aventures de Huck Finn, l'ami de Tom Sawyer / cMark Twain ; traduit par William-L-Hughes ; illustrations par Achille Sirouy. aParis : bA. Hennuyer, c[ca. 1886] a276 p. : bil. ; c24 cm.1 aBibliothè€que nouvelle de la jeunesse1 aHughes, William Little (d1822-1887)1 aSirouy, Achille.1 aHennuyer, A.1 aBibliothè€que nouvelle de la jeunesse aES-MaACLjC-2429 z- Enc. hol., conservando cub. original